000 00559nam a2200157 a 4500
008 120416s1986 ||||||||||||||||| || u
020 _a0442317514
050 _aHJ 9925.G7 Pub
100 _aHenley, Douglas
245 1 0 _aPublic sector accounting and financial control
250 _a2nd ed.
260 _aBerkshire
_bVan Nostrand Reinhold
_c1986
300 _axiv, 290p. : ill.
350 _a0.00
995 _D0.00
_FCBU-MAIN LIBRARY (Kitwe)
_H1
_I9.95
_M1
_UAVAILABLE
_ZAnnex Low-Usage Collection
999 _c55326
_d55326